| 000 | 00499 a2200181 4500 | ||
|---|---|---|---|
| 003 | OSt | ||
| 005 | 20260305134614.0 | ||
| 008 | 260305b |||||||| |||| 00| 0 eng d | ||
| 020 | _a9789362548962 | ||
| 040 | _coclc | ||
| 082 |
_a894.812301 _bDEE/B |
||
| 100 |
_aDeepa, V.K. _910095 |
||
| 245 |
_aBHAVISHYATHI / _cDeepa V K |
||
| 250 | _a2nd Ed. | ||
| 260 |
_akottayam: _bD C Books. _c2025, |
||
| 300 | _a144 pages | ||
| 942 |
_2ddc _cBK _h894.812301 _iDEE/B _k894.812301 _mDEE/B |
||
| 999 |
_c44624 _d44624 |
||